Countries By Land Length - Statistics

General Stats
  • This quiz has been taken 18 times
  • The average score is 7 of 10
Answer Stats
Length Country % Correct
6,323,142 Russia
100%
3,624,807 China
93%
3,227,095 Brazil
87%
3,511,022 Canada
87%
2,966,151 Australia
73%
1,147,955 India
73%
3,531,837 United States
73%
919,595 Algeria
53%
1,056,641 Argentina
53%
1,042,360 Kazakhstan
53%
No matching quizzes found
Score Distribution
Percent of People with Each Score
Percentile by Number Answered
Your Score History
You have not taken this quiz